[Event "Ogolnopolska Olimpiada Mlodziezy w Sportach Umyslowych - D14"]
[Site "Walbrzych, Zamek Ksiaz"]
[Date "2013-04-17"]
[Round "1.1"]
[White "Dmochowska, Agnieszka"]
[Black "Pluta, Natalia"]
[Result "1-0"]
[WhiteTitle "WCM"]
[BlackTitle "II"]
[WhiteElo "1794"]
[BlackElo "1475"]

1. e4 e5 2. Nf3 Nc6 3. Bb5 Nge7 4. O-O g6 5. c3 Bg7 6. d4 exd4 7. cxd4 d5 8. exd5
Nxd5 9. Bg5 Qd6 10. Re1+ Be6 11. Nbd2 O-O 12. Ne4 Qb4 13. Bxc6 bxc6 14. b3 Bg4
15. Rc1 f5 16. Nc5 f4 17. Rc4 Qb5 18. a4 Qa5 19. Nd3 Rae8 20. Rxe8 Rxe8 21. Rc5
Qb6 22. a5 Bxf3 23. gxf3 Qa6 24. Nxf4 h6 25. Nxd5 cxd5 26. Be3 Qd6 27. Qc2 Re7
28. Rc6 Qb4 29. Rxg6 Qe1+ 30. Kg2 Kf8 31. Qf5+ Rf7 32. Qc8+ Ke7 33. Re6# 1-0

[Event "Ogolnopolska Olimpiada Mlodziezy w Sportach Umyslowych - D14"]
[Site "Walbrzych, Zamek Ksiaz"]
[Date "2013-04-17"]
[Round "1.2"]
[White "Momot, Weronika"]
[Black "Marczuk, Anna"]
[Result "0-1"]
[WhiteTitle "I"]
[BlackTitle "I+"]
[WhiteElo "1460"]
[BlackElo "1749"]

1. c4 f5 2. Nc3 Nf6 3. g3 g6 4. Nf3 Bg7 5. Bg2 d6 6. O-O O-O 7. Re1 e5 8. d4 e4
9. Ng5 h6 10. Nh3 g5 11. a3 c6 12. d5 Qc7 13. Rb1 Nbd7 14. b4 Ne5 15. c5 Rd8 16.
dxc6 dxc5 17. Qb3+ c4 18. cxb7 Bxb7 19. Qc2 Nfg4 20. Nd1 Bd5 21. Ne3 Nxe3 22.
Bxe3 Ng4 23. Red1 Nxe3 24. fxe3 Qb6 25. Qc1 Rac8 26. Kf2 c3 27. Qc2 Qe6 28. b5
Ba2 29. Rxd8+ Rxd8 30. Rd1 Rc8 31. Rh1 Qb3 32. Qc1 Rd8 33. Rg1 c2 0-1

[Event "Ogolnopolska Olimpiada Mlodziezy w Sportach Umyslowych - D14"]
[Site "Walbrzych, Zamek Ksiaz"]
[Date "2013-04-17"]
[Round "1.3"]
[White "Antolak, Julia"]
[Black "Sekowska, Helena"]
[Result "1-0"]
[WhiteTitle "I+"]
[BlackTitle "II+"]
[WhiteElo "1747"]
[BlackElo "1459"]

1. e4 c5 2. Nf3 e6 3. d4 cxd4 4. Nxd4 Nf6 5. Bd3 Nc6 6. Nxc6 bxc6 7. O-O Be7 8.
c4 Bb7 9. e5 Ng8 10. f4 Bc5+ 11. Kh1 Ne7 12. Nc3 a6 13. Ne4 Qb6 14. b4 Bd4 15.
Rb1 Nf5 16. c5 Qd8 17. g4 Ne3 18. Bxe3 Bxe3 19. Nd6+ Kf8 20. Nxb7 Qh4 21. Qf3
Bd4 22. Rbd1 h5 23. g5 Bc3 24. Bc4 Bxb4 25. Rxd7 g6 26. a3 Be1 27. Rd1 Ra7 28.
Nd6 Ba5 29. Rg1 1-0

[Event "Ogolnopolska Olimpiada Mlodziezy w Sportach Umyslowych - D14"]
[Site "Walbrzych, Zamek Ksiaz"]
[Date "2013-04-17"]
[Round "1.4"]
[White "Topolan, Agata"]
[Black "Kubicka, Anna"]
[Result "1-0"]
[WhiteTitle "II+"]
[BlackTitle "I+"]
[WhiteElo "1449"]
[BlackElo "1686"]

1. e4 c6 2. d4 d5 3. Nc3 dxe4 4. Nxe4 Nd7 5. Nf3 Ngf6 6. Ng3 g6 7. Bd3 Bg7 8. O-O
Nb6 9. Re1 Bg4 10. c3 Qc7 11. h3 Bxf3 12. Qxf3 e6 13. Bf4 Qd7 14. Be5 Qe7 15.
Ne4 Nxe4 16. Bxg7 Rg8 17. Be5 Ng5 18. Qf6 h5 19. Rad1 Nd7 20. Qxe7+ Kxe7 21. Bf4
Nh7 22. c4 Nb6 23. b3 Rad8 24. Bc2 Kd7 25. a4 Kc8 26. a5 Na8 27. b4 Nc7 28. Ba4
g5 29. Be5 g4 30. h4 Rge8 31. b5 f6 32. Bg3 cxb5 33. cxb5 b6 34. Rc1 Re7 35. Rxe6
Rdd7 36. Rec6 Kd8 37. d5 Re4 38. Bxc7+ Ke8 39. Re6+ Rxe6 40. dxe6 Rd2 41. axb6
axb6 42. Bxb6 f5 43. Be3 Ra2 44. b6+ Rxa4 45. b7 1-0

[Event "Ogolnopolska Olimpiada Mlodziezy w Sportach Umyslowych - D14"]
[Site "Walbrzych, Zamek Ksiaz"]
[Date "2013-04-17"]
[Round "1.5"]
[White "Kaniewska, Emilia"]
[Black "Maciak, Gabriela"]
[Result "1-0"]
[WhiteTitle "I"]
[BlackTitle "II"]
[WhiteElo "1677"]
[BlackElo "1433"]

1. c4 c6 2. Nf3 Nf6 3. d4 d5 4. e3 e6 5. Nbd2 Bd6 6. b3 O-O 7. Bd3 Qe7 8. Bb2 Nbd7
9. Ne5 Ba3 10. Bxa3 Qxa3 11. O-O Nxe5 12. dxe5 Nd7 13. f4 f6 14. Qh5 f5 15. Nf3
g6 16. Qh6 Rf7 17. Ng5 Re7 18. Rf3 Qb2 19. Rb1 Qd2 20. Nxh7 Rxh7 21. Qxg6+ Rg7
22. Qxe6+ Kf8 23. Qxf5+ Rf7 24. Qg6 Rg7 25. Qd6+ Ke8 26. Bg6+ Kd8 27. Rh3 Rg8
28. e6 Re8 29. e7+ Rxe7 30. Rh8+ Re8 31. Rxe8# 1-0

[Event "Ogolnopolska Olimpiada Mlodziezy w Sportach Umyslowych - D14"]
[Site "Walbrzych, Zamek Ksiaz"]
[Date "2013-04-17"]
[Round "1.6"]
[White "Wierzbowska, Aleksandra"]
[Black "Konopacka, Martyna"]
[Result "0-1"]
[WhiteTitle "II+"]
[BlackTitle "I"]
[WhiteElo "1405"]
[BlackElo "1674"]

1. d4 d5 2. c4 e6 3. Nc3 c5 4. cxd5 exd5 5. Nf3 Nc6 6. g3 Nf6 7. Bg2 cxd4 8. Nxd4
Bc5 9. Nxc6 bxc6 10. Qa4 Qb6 11. O-O O-O 12. e3 Bd7 13. Qc2 Bd6 14. Rd1 g6 15.
e4 Rac8 16. exd5 cxd5 17. Bxd5 Bg4 18. Rd2 Rfe8 19. Qb3 Re1+ 20. Kg2 Nxd5 21.
Qxb6 axb6 22. Nxd5 Be6 23. Nc3 Bb4 24. a3 Be7 25. Re2 Rxe2 26. Nxe2 Bf6 27. Nc3
Bxc3 28. bxc3 Bd5+ 29. Kh3 Rxc3 30. Be3 b5 31. g4 g5 32. Rd1 Be6 33. Kg2 Rxa3
34. Rd8+ Kg7 35. Bxg5 Bxg4 36. Rd6 Bh3+ 37. Kg1 Ra1+ 38. Bc1 Rxc1+ 39. Rd1 Rxd1#
0-1

[Event "Ogolnopolska Olimpiada Mlodziezy w Sportach Umyslowych - D14"]
[Site "Walbrzych, Zamek Ksiaz"]
[Date "2013-04-17"]
[Round "1.7"]
[White "Olechnicka, Karolina"]
[Black "Malinowska, Monika"]
[Result "1-0"]
[WhiteTitle "I"]
[BlackTitle "II+"]
[WhiteElo "1665"]
[BlackElo "1399"]

1. e4 e5 2. Nf3 Nc6 3. d4 exd4 4. Bc4 Nf6 5. e5 d5 6. Bb5 Ne4 7. Nxd4 Bd7 8. Bxc6
bxc6 9. O-O Bc5 10. Be3 Bxd4 11. Qxd4 O-O 12. f3 Ng5 13. Nd2 Ne6 14. Qc3 f6 15.
f4 fxe5 16. fxe5 Qe7 17. Nb3 a6 18. Nc5 Rxf1+ 19. Rxf1 Nxc5 20. Bxc5 Qe6 21. Re1
Qg6 22. Qb3 Re8 23. c3 Qd3 24. Qb7 Qb5 25. Qxb5 cxb5 26. Kf2 Kf7 27. Kf3 Kg6 28.
g4 Kg5 29. h3 h6 30. b4 Bc8 31. Kg3 Bd7 32. h4+ Kg6 33. Kf4 Bc8 34. h5+ Kf7 35.
Rd1 c6 36. Bd6 Bd7 37. Rf1 g5+ 38. Ke3+ Kg7 39. Rg1 Bc8 40. Kd4 Bd7 41. Kc5 Kf7
42. Kb6 Rc8 43. Rg2 Ra8 44. Kb7 Rc8 45. Kxa6 Ra8+ 46. Kb7 Rc8 47. Re2 Bxg4 48.
e6+ Bxe6 49. Rf2+ Kg7 50. Be5+ Kh7 51. Rf6 Bg4 52. Rf7+ Kg8 53. Rg7+ Kf8 54. Rh7
Rd8 55. Rxh6 Rd7+ 56. Kxc6 Rf7 57. Kxd5 Bf3+ 58. Kc5 Rf5 59. Kd6 g4 60. Ke6 Rg5
61. Kf6 1-0

[Event "Ogolnopolska Olimpiada Mlodziezy w Sportach Umyslowych - D14"]
[Site "Walbrzych, Zamek Ksiaz"]
[Date "2013-04-17"]
[Round "1.9"]
[White "Glapa, Anna"]
[Black "Koperska, Nina"]
[Result "0-1"]
[WhiteTitle "I++"]
[BlackTitle "II"]
[WhiteElo "1660"]
[BlackElo "1388"]

1. e4 c5 2. Nf3 Nc6 3. d4 cxd4 4. Nxd4 Nf6 5. Nc3 g6 6. Be2 Bg7 7. Be3 d6 8. O-O
O-O 9. f4 Qb6 10. Rb1 Nxe4 11. Nd5 Qd8 12. Bf3 Nc5 13. Nxc6 bxc6 14. Nb4 Bd7 15.
Nxc6 Bxc6 16. Bxc6 Rb8 17. c3 Qc7 18. Bf3 e6 19. Qc2 d5 20. Rfd1 Na6 21. Qf2 Rb7
22. Be2 Nb8 23. Rdc1 Qa5 24. a3 Nc6 25. Bf1 Rfb8 26. Rc2 Qa4 27. Bc5 Qb3 28. Ba6
Rd7 29. Ra1 d4 30. cxd4 Nxd4 31. Rd2 Qa4 32. Bf1 Nb3 33. Rxd7 Qxd7 34. Bxa7 Nxa1
35. Kh1 Rd8 36. h3 Bd4 37. Bxd4 Qxd4 38. Kh2 Qxf2 0-1

[Event "Ogolnopolska Olimpiada Mlodziezy w Sportach Umyslowych - D14"]
[Site "Walbrzych, Zamek Ksiaz"]
[Date "2013-04-17"]
[Round "1.10"]
[White "Wojcik, Jagoda"]
[Black "Murawko, Julia"]
[Result "0-1"]
[WhiteTitle "II"]
[BlackTitle "I"]
[WhiteElo "1388"]
[BlackElo "1651"]

1. e4 d5 2. exd5 Qxd5 3. Nc3 Qa5 4. d4 c6 5. Nf3 Nf6 6. Bd2 Qc7 7. Bc4 Bf5 8. Nh4
Bg6 9. Nxg6 hxg6 10. Qe2 Rxh2 11. Rg1 e6 12. O-O-O Be7 13. Qf3 Rh8 14. Rh1 Rf8
15. Rhe1 Nbd7 16. Be3 Nb6 17. Bb3 O-O-O 18. Ne4 Nxe4 19. Qxe4 Rd7 20. Bf4 Bd6
21. Bg5 Nd5 22. Bxd5 cxd5 23. Qf3 Kb8 24. Rd3 Qa5 25. Ree3 Qxa2 26. Rb3 Qa1+ 27.
Kd2 Qa5+ 28. Kd1 Rh8 29. g3 Bb4 30. Re2 Rc8 31. Bd2 Bxd2 32. Rxd2 Rc4 33. Ra3
Qb6 34. c3 Qc7 35. Ke1 Rd8 36. Rd1 Rc6 37. Rda1 a6 38. Rb3 Rd7 39. Qe2 Ka7 40.
Qb5 Rb6 41. Qa4 Rxb3 42. Qxb3 e5 43. Qb4 exd4 44. Qxd4+ Qb6 45. Qd2 Re7+ 46. Kf1
Qb5+ 47. Kg1 Re2 48. Qd4+ Qb6 49. Qxd5 Qxf2+ 0-1

[Event "Ogolnopolska Olimpiada Mlodziezy w Sportach Umyslowych - D14"]
[Site "Walbrzych, Zamek Ksiaz"]
[Date "2013-04-17"]
[Round "1.11"]
[White "Parol, Pola"]
[Black "Humin, Julia"]
[Result "1-0"]
[WhiteTitle "I"]
[BlackTitle "II+"]
[WhiteElo "1638"]
[BlackElo "1386"]

1. e4 c5 2. Nf3 Nc6 3. d4 cxd4 4. Nxd4 Nf6 5. Nc3 e5 6. Ndb5 d6 7. Nd5 Nxd5 8.
exd5 Nb8 9. c4 Be7 10. Bd3 O-O 11. O-O a6 12. Nc3 f5 13. f3 Bg5 14. Kh1 Nd7 15.
b4 a5 16. a3 axb4 17. Bxg5 Qxg5 18. axb4 Ra6 19. Qe2 b6 20. Nb5 Qf6 21. Rxa6 Bxa6
22. Rc1 Rc8 23. Na7 Ra8 24. Nc6 g6 25. Qd2 Bb7 26. Rd1 Re8 27. Qc2 Qh4 28. g3
Qh5 29. Rf1 Nf6 30. Qf2 Rf8 31. Be2 Qh6 32. Qxb6 Qd2 33. Qf2 Bxc6 34. dxc6 Qxb4
35. Qa7 Qb8 36. Qe7 Rf7 37. Qe6 Qc7 38. Rd1 Kg7 39. Rxd6 Re7 40. Qxf6+ Kg8 41.
Rd7 Rxd7 42. cxd7 Qxd7 43. Qxe5 Qa7 44. c5 Qb7 45. Bc4+ Kf8 46. Qf6+ Ke8 47. Qh8+
Kd7 48. Qxh7+ Kc6 49. Bd5+ 1-0

[Event "Ogolnopolska Olimpiada Mlodziezy w Sportach Umyslowych - D14"]
[Site "Walbrzych, Zamek Ksiaz"]
[Date "2013-04-17"]
[Round "1.12"]
[White "Jurkiewicz, Zuzanna"]
[Black "Dwilewicz, Katarzyna"]
[Result "1/2-1/2"]
[WhiteTitle "II+"]
[BlackTitle "I"]
[WhiteElo "1383"]
[BlackElo "1635"]

1. d4 d5 2. c4 c6 3. Nc3 Nf6 4. Bg5 e6 5. a3 h6 6. Bh4 Be7 7. e3 O-O 8. Nf3 Nbd7
9. cxd5 cxd5 10. Bd3 Nb6 11. O-O Bd7 12. Rc1 Rc8 13. Qe2 Re8 14. Nb5 Bxb5 15.
Bxb5 Nfd7 16. Bg3 a6 17. Bd3 Bf6 18. Rc2 Rxc2 19. Qxc2 e5 20. dxe5 Nxe5 21. Nxe5
Bxe5 22. Bxe5 Rxe5 23. Rc1 Re7 24. h3 Rd7 25. Bf5 Re7 26. b3 Kf8 27. Qc5 g6 28.
Bg4 h5 29. Bf3 Kg8 30. a4 Rd7 31. a5 Na8 32. Qc8 Kg7 33. Qxd8 Rxd8 34. Rc5 b6
35. Rxd5 Rb8 36. Rd7 bxa5 37. Ra7 Nb6 38. Rxa6 Nd7 39. Rxa5 Rxb3 40. Ra7 Nf6 41.
Rb7 Rc3 42. g3 Rc2 43. h4 Rd2 44. e4 Rd4 45. e5 Ne8 46. e6 Nd6 47. Rd7 Kf8 48.
e7+ Ke8 49. Bc6 Rd1+ 50. Kg2 Rc1 51. Rc7+ Rxc6 52. Rxc6 Kxe7 53. f3 Kd7 54. Ra6
Nf5 55. g4 hxg4 56. fxg4 Nxh4+ 57. Kg3 g5 58. Kf2 f5 59. gxf5 Nxf5 60. Kf3 Ne7
61. Kg4 Nc6 62. Kxg5 Kd6 63. Ra1 Ke5 64. Re1+ Kd5 65. Kf6 Nd4 66. Re8 Nc6 67.
Re1 Nd4 68. Re5+ Kc4 1/2-1/2

[Event "Ogolnopolska Olimpiada Mlodziezy w Sportach Umyslowych - D14"]
[Site "Walbrzych, Zamek Ksiaz"]
[Date "2013-04-17"]
[Round "1.13"]
[White "Karleszko, Karolina"]
[Black "Godek, Martyna"]
[Result "1-0"]
[WhiteTitle "I"]
[BlackTitle "II"]
[WhiteElo "1622"]
[BlackElo "1378"]

1. d4 d5 2. c4 e6 3. Nc3 Nf6 4. Bg5 Be7 5. e3 c6 6. Qc2 h6 7. Bf4 Bb4 8. Nf3 Ne4
9. Bd3 Nxc3 10. bxc3 Bd6 11. Ne5 Bxe5 12. Bxe5 O-O 13. O-O Re8 14. c5 b6 15. Qa4
Bb7 16. Rab1 Nd7 17. Bg3 Qc8 18. Qb3 Ba6 19. Bxa6 Qxa6 20. Bd6 bxc5 21. Qb7 Qxb7
22. Rxb7 Nb6 23. dxc5 Nc4 24. Rfb1 Rec8 25. h3 Nxd6 26. cxd6 Kf8 27. Rc7 Rab8
28. Rbb7 f5 29. d7 Rd8 30. Rxb8 Rxb8 31. Rc8+ Ke7 32. d8=Q+ Kf7 33. Qe8+ Kf6 34.
Rxb8 Ke5 35. f3 a5 36. Qe7 f4 37. Re8 Kf5 38. Qxe6+ Kg5 39. h4+ Kh5 40. Qg4# 1-0

[Event "Ogolnopolska Olimpiada Mlodziezy w Sportach Umyslowych - D14"]
[Site "Walbrzych, Zamek Ksiaz"]
[Date "2013-04-17"]
[Round "1.14"]
[White "Zalewska, Katarzyna"]
[Black "Socko, Weronika"]
[Result "1-0"]
[WhiteTitle "II"]
[BlackTitle "II"]
[WhiteElo "1373"]
[BlackElo "1584"]

1. d4 e6 2. e4 d5 3. e5 c5 4. c3 Nc6 5. Be3 cxd4 6. Bxd4 Qc7 7. f4 Nxd4 8. cxd4
Bd7 9. Nc3 Bb4 10. Rc1 Ne7 11. a3 Bxc3+ 12. Rxc3 Qb6 13. Qb3 Qxb3 14. Rxb3 b6
15. Nf3 Rc8 16. Rc3 O-O 17. Bd3 Ba4 18. O-O Rc6 19. Rxc6 Bxc6 20. b3 Bb7 21. Rc1
Rc8 22. Rxc8+ Bxc8 23. Kf2 Nc6 24. Ke3 Na5 25. Nd2 Bd7 26. b4 Nb7 27. Nb1 h6 28.
Nc3 Bc6 29. Bb5 Nd8 30. g4 f6 31. exf6 gxf6 32. f5 e5 33. dxe5 fxe5 34. Bxc6 d4+
35. Kd3 Nxc6 36. Ne4 Kf7 37. h4 Ne7 38. Nd6+ Kf6 39. Ne8+ Kf7 40. Nd6+ Kf8 41.
g5 hxg5 42. hxg5 Nd5 43. Nc4 Ne7 44. f6 Ng6 45. a4 Kf7 46. Nd6+ Ke6 47. Nc8 Nf4+
48. Kd2 e4 49. Nxa7 e3+ 50. Kd1 d3 51. Nc6 e2+ 52. Kd2 Ng2 53. Nd4+ Kf7 54. Nxe2
dxe2 55. Kxe2 Nf4+ 56. Kf3 Nd5 57. a5 bxa5 58. bxa5 Nc7 59. Ke4 Ne6 60. Kf5 Nd4+
61. Kg4 Kg6 62. a6 Nc6 63. Kf4 Na7 64. Ke5 Nc6+ 65. Kd6 Na7 66. Ke6 Nb5 67. Ke7
Na7 68. f7 Nc6+ 69. Ke8 1-0

[Event "Ogolnopolska Olimpiada Mlodziezy w Sportach Umyslowych - D14"]
[Site "Walbrzych, Zamek Ksiaz"]
[Date "2013-04-17"]
[Round "1.15"]
[White "Posuniak, Weronika"]
[Black "Pedrak, Paulina"]
[Result "1-0"]
[WhiteTitle "I"]
[BlackTitle "I"]
[WhiteElo "1540"]
[BlackElo "1371"]

1. d4 f5 2. Nf3 Nf6 3. Bf4 g6 4. e3 Bg7 5. c3 O-O 6. Qb3+ d5 7. Nbd2 Nbd7 8. c4
e6 9. Rc1 c6 10. Be2 Ne4 11. Nxe4 fxe4 12. Nd2 Qf6 13. cxd5 cxd5 14. O-O h5 15.
a4 Qf7 16. Rc7 Bf6 17. Bd6 Re8 18. Bb5 a6 19. Bxd7 Bxd7 20. Rxb7 Bd8 21. Qa3 g5
22. Nb3 Bf6 23. Nc5 g4 24. Nxd7 Qg6 25. Nxf6+ Qxf6 26. Be5 Qf5 27. Rg7+ 1-0

[Event "Ogolnopolska Olimpiada Mlodziezy w Sportach Umyslowych - D14"]
[Site "Walbrzych, Zamek Ksiaz"]
[Date "2013-04-17"]
[Round "1.16"]
[White "Mazgaj, Zuzanna"]
[Black "Cieslak, Wiktoria"]
[Result "1-0"]
[WhiteTitle "II"]
[BlackTitle "I"]
[WhiteElo "1371"]
[BlackElo "1532"]

1. c4 e5 2. Nc3 f5 3. d3 Nf6 4. g3 Nc6 5. Bg2 Bb4 6. Qc2 Nd4 7. Qd2 O-O 8. e3 c6
9. Rb1 Re8 10. a3 Bxc3 11. Qxc3 d6 12. Nf3 Nxf3+ 13. Bxf3 e4 14. Bg2 d5 15. O-O
Be6 16. c5 exd3 17. Qxd3 Ne4 18. b4 Qf6 19. Bb2 Qe7 20. f3 Nf6 21. Bd4 Nd7 22.
Qc3 b6 23. cxb6 Nxb6 24. Qxc6 Rec8 25. Qb5 Nc4 26. Ra1 Bd7 27. Qa6 Qe8 28. Bc5
Rc7 29. a4 Rc6 30. Qb7 a5 31. f4 Rb8 32. Qa7 Qc8 33. Bxd5+ Kh8 34. Bxc6 Bxc6 35.
Qe7 axb4 36. Bxb4 Nxe3 37. Qxe3 Rxb4 38. Rac1 Qd7 39. Qc5 Rxa4 40. Qf8# 1-0

[Event "Ogolnopolska Olimpiada Mlodziezy w Sportach Umyslowych - D14"]
[Site "Walbrzych, Zamek Ksiaz"]
[Date "2013-04-17"]
[Round "1.17"]
[White "Sobczak, Marta"]
[Black "Ziziuk, Martyna"]
[Result "1-0"]
[WhiteTitle "I"]
[BlackTitle "II"]
[WhiteElo "1516"]
[BlackElo "1361"]

1. d4 Nf6 2. c4 g6 3. Nc3 Bg7 4. e4 d6 5. Bg5 O-O 6. f3 c5 7. d5 Re8 8. Qd2 Na6
9. Nge2 Bd7 10. Ng3 Nc7 11. Be2 a6 12. a4 Qb8 13. O-O b5 14. axb5 axb5 15. Rxa8
Qxa8 16. b3 b4 17. Nd1 Qa6 18. Nf2 Ra8 19. Nd3 Qa2 20. Qxa2 Rxa2 21. Re1 h6 22.
Be3 Nfe8 23. f4 h5 24. e5 Bh6 25. h3 Ng7 26. exd6 exd6 27. Ne4 Nce8 28. g4 hxg4
29. hxg4 f5 30. Nexc5 dxc5 31. g5 Bxg5 32. fxg5 Nc7 33. Nxc5 Be8 34. Bd4 Na6 35.
Nxa6 Rxa6 36. c5 Ra8 37. Bc4 Kf8 38. c6 Rc8 39. Bc5+ Kg8 40. d6+ 1-0

[Event "Ogolnopolska Olimpiada Mlodziezy w Sportach Umyslowych - D14"]
[Site "Walbrzych, Zamek Ksiaz"]
[Date "2013-04-17"]
[Round "1.18"]
[White "Kruszewska, Justyna"]
[Black "Skorupa, Oliwia"]
[Result "1/2-1/2"]
[WhiteTitle "II"]
[BlackTitle "II+"]
[WhiteElo "1350"]
[BlackElo "1510"]

1. d4 Nf6 2. c4 c5 3. d5 b5 4. e3 a6 5. Bd2 g6 6. a3 Bg7 7. Bc3 O-O 8. Qc2 d6 9.
Nd2 Nbd7 10. e4 Qb6 11. Ngf3 Bb7 12. b4 Rfb8 13. Nb3 Qc7 14. cxb5 cxb4 15. axb4
Nxe4 16. Nfd4 Bxd4 17. Nxd4 Qxc3+ 18. Qxc3 Nxc3 19. bxa6 Bxd5 20. b5 e5 21. Nc6
Bxc6 22. bxc6 Nc5 23. Kd2 Nd5 24. a7 Nb3+ 25. Kd3 Nxa1 26. axb8=Q+ Rxb8 27. Be2
Nf4+ 28. Kc4 Nxe2 29. Rxa1 Nd4 30. Kd5 Rc8 31. Rc1 Rxc6 32. Rxc6 Nxc6 33. Kxc6
e4 34. Kxd6 f5 35. Ke5 Kg7 36. h4 Kh6 37. Kf4 Kh5 38. g3 h6 39. f3 exf3 40. Kxf3
g5 41. hxg5 Kxg5 42. Kf2 Kg4 43. Kg2 h5 44. Kf2 Kh3 45. Kf3 Kh2 46. Kf2 Kh3 47.
Kf3 h4 48. gxh4 Kxh4 49. Kf4 1/2-1/2

[Event "Ogolnopolska Olimpiada Mlodziezy w Sportach Umyslowych - D14"]
[Site "Walbrzych, Zamek Ksiaz"]
[Date "2013-04-17"]
[Round "1.19"]
[White "Kalinowska, Karolina"]
[Black "Daliga, Anita"]
[Result "0-1"]
[WhiteTitle "I"]
[BlackTitle "II"]
[WhiteElo "1504"]
[BlackElo "1347"]

1. e4 e5 2. Nf3 Nc6 3. Bc4 Bc5 4. c3 Nf6 5. d3 d6 6. Bb3 a6 7. O-O O-O 8. Nbd2
d5 9. exd5 Nxd5 10. Nc4 Re8 11. Re1 Nf6 12. Ncxe5 Nxe5 13. Nxe5 Rxe5 14. Rxe5
Bxf2+ 15. Kh1 Ng4 16. Re4 h5 17. Qf3 Qh4 18. Bxf7+ Kh7 19. Qh3 Qxh3 20. gxh3 Nf6
21. Re5 b5 22. Kg2 Bb6 23. Bg5 Bb7+ 24. Kf1 Rf8 25. Re7 Ng8 26. Rd7 Bc6 27. Ke2
Bxd7 28. Bxg8+ Kxg8 0-1

[Event "Ogolnopolska Olimpiada Mlodziezy w Sportach Umyslowych - D14"]
[Site "Walbrzych, Zamek Ksiaz"]
[Date "2013-04-17"]
[Round "1.20"]
[White "Klisz, Karolina"]
[Black "Karykowska, Anna"]
[Result "0-1"]
[WhiteTitle "II"]
[BlackTitle "I"]
[WhiteElo "1342"]
[BlackElo "1493"]

1. e4 c5 2. d4 cxd4 3. c3 dxc3 4. Nxc3 Nc6 5. Bc4 e6 6. Bf4 Bb4 7. Nge2 Nge7 8.
O-O O-O 9. a3 Bxc3 10. Nxc3 b6 11. Qe2 Ng6 12. Bd6 Nce7 13. Rfd1 Bb7 14. Bb5 Bc6
15. Rac1 Rc8 16. Ba6 Ra8 17. Nb5 Bxb5 18. Bxb5 Rc8 19. Rxc8 Qxc8 20. Bxe7 Nxe7
21. Bxd7 Qc7 22. Ba4 Rd8 23. Qc2 Rxd1+ 24. Qxd1 h6 25. h3 Ng6 26. Bc2 Nf4 27.
Qd2 Ng6 28. b3 Qe7 29. a4 Qa3 30. Qc3 Qc1+ 31. Kh2 Qf4+ 32. Kg1 Qb8 33. Qd3 Qc7
34. Qe2 Qc3 35. Qd3 Qc7 36. Qd2 Qc8 37. Bd3 Qd7 38. Qe2 Nf4 39. Qd2 Nxd3 0-1

[Event "Ogolnopolska Olimpiada Mlodziezy w Sportach Umyslowych - D14"]
[Site "Walbrzych, Zamek Ksiaz"]
[Date "2013-04-17"]
[Round "1.21"]
[White "Kwiatkowska, Agnieszka"]
[Black "Robaszkiewicz, Sara"]
[Result "1-0"]
[WhiteTitle "II+"]
[BlackTitle "II"]
[WhiteElo "1492"]
[BlackElo "1334"]

1. e4 c5 2. Nc3 Nc6 3. g3 g6 4. Bg2 Bg7 5. d3 d6 6. Be3 e6 7. Qd2 Qb6 8. Nd1 Bd7
9. c3 Qa6 10. f4 Rb8 11. Nf3 b5 12. O-O Nge7 13. d4 c4 14. Kh1 d5 15. Ne5 Nxe5
16. fxe5 O-O 17. Bg5 Rbe8 18. Bxe7 Rxe7 19. exd5 exd5 20. Bxd5 Bc6 21. Qg2 Bxd5
22. Qxd5 Qb7 23. Ne3 Bh6 24. Qxb7 Rxb7 25. Ng4 Bg7 26. Nf6+ Bxf6 27. Rxf6 Rb6
28. Rxb6 axb6 29. Rf1 Re8 30. Rf6 Re6 31. Rxe6 fxe6 32. Kg2 Kf7 33. Kf3 Ke7 34.
Ke4 g5 35. d5 Kf7 36. dxe6+ Kxe6 37. g4 h6 38. h3 b4 39. cxb4 b5 40. Kd4 Ke7 41.
Kc5 Ke6 42. Kxb5 Kxe5 43. a4 Kf4 44. a5 Kg3 45. a6 Kxh3 46. a7 Kxg4 47. a8=Q h5
48. Qg2+ Kh4 49. Kxc4 g4 50. b5 g3 51. b6 Kg4 52. b7 h4 53. b8=Q h3 54. Qgxg3+
Kh5 55. Qh8# 1-0

[Event "Ogolnopolska Olimpiada Mlodziezy w Sportach Umyslowych - D14"]
[Site "Walbrzych, Zamek Ksiaz"]
[Date "2013-04-17"]
[Round "1.22"]
[White "Popiel, Natalia"]
[Black "Rudol, Maria"]
[Result "1-0"]
[WhiteTitle "II"]
[BlackTitle "II"]
[WhiteElo "1316"]
[BlackElo "1488"]

1. e4 e5 2. Nf3 Nc6 3. Bb5 Nge7 4. d3 g6 5. Nbd2 Bg7 6. Nf1 O-O 7. Ng3 d6 8. Be3
Be6 9. O-O h6 10. d4 exd4 11. Nxd4 Kh7 12. c3 Qc8 13. f3 f5 14. Nxe6 Qxe6 15.
Bf2 Ne5 16. Re1 Qf7 17. Ba4 Qc4 18. Bb3 Qb5 19. a4 Qc6 20. exf5 Nxf5 21. Nxf5
Rxf5 22. Bc2 Rf7 23. Be4 Qd7 24. Bxb7 Rb8 25. Bd5 Rf4 26. Bg3 Rff8 27. Bxe5 Bxe5
28. Rxe5 Rxb2 29. Re2 Rb6 30. Qe1 Qf5 31. Re7+ Kh8 32. Qe4 1-0

[Event "Ogolnopolska Olimpiada Mlodziezy w Sportach Umyslowych - D14"]
[Site "Walbrzych, Zamek Ksiaz"]
[Date "2013-04-17"]
[Round "1.23"]
[White "Kozubal, Aleksandra"]
[Black "Najuch, Natalia"]
[Result "1-0"]
[WhiteTitle "I"]
[BlackTitle "II"]
[WhiteElo "1477"]
[BlackElo "1312"]

1. d4 d5 2. c4 e6 3. Nf3 c6 4. e3 Nf6 5. Bd2 Be7 6. Nc3 O-O 7. Be2 Nbd7 8. O-O
Re8 9. Qc2 Qc7 10. Rac1 Nf8 11. Ne5 Bd6 12. f4 Ng6 13. c5 Bxe5 14. fxe5 Nxe5 15.
dxe5 Qxe5 16. Rf4 Qc7 17. Rcf1 Qe7 18. b4 e5 19. R4f2 Be6 20. a3 Rad8 21. e4 Nxe4
22. Nxe4 dxe4 23. Bc4 f6 24. Bxe6+ Qxe6 25. Qxe4 Rd4 26. Qc2 Red8 27. Bc1 Kh8
28. Rd2 Qd7 29. Rfd1 Qg4 30. Rxd4 Rxd4 31. Rxd4 Qxd4+ 32. Qf2 Qd1+ 33. Qf1 Qd4+
34. Kh1 Qc3 35. h3 Kg8 36. Qd1 h6 37. Qd2 Qc4 38. Kh2 Kh7 39. Qe3 Qd5 40. Qf2
Qc4 41. Qf5+ Kg8 42. Bxh6 Qb3 43. Qg6 Qf7 44. Qxf7+ Kxf7 45. Bd2 Ke6 46. g4 Kd5
47. Kg3 e4 48. Kf4 Kd4 49. h4 g5+ 50. hxg5 fxg5+ 51. Kxg5 e3 52. Bxe3+ Kxe3 53.
Kf5 Kd4 54. g5 Kc4 55. g6 1-0

[Event "Ogolnopolska Olimpiada Mlodziezy w Sportach Umyslowych - D14"]
[Site "Walbrzych, Zamek Ksiaz"]
[Date "2013-04-17"]
[Round "2.1"]
[White "Sobczak, Marta"]
[Black "Dmochowska, Agnieszka"]
[Result "0-1"]
[WhiteTitle "I"]
[BlackTitle "WCM"]
[WhiteElo "1516"]
[BlackElo "1794"]

1. d4 d5 2. c4 e6 3. cxd5 exd5 4. Nc3 c5 5. dxc5 d4 6. Ne4 Bf5 7. Nd6+ Bxd6 8.
cxd6 Qxd6 9. Nf3 Nc6 10. a3 Nf6 11. g3 d3 12. Bg2 O-O 13. Bf4 Qd7 14. e3 Rad8
15. O-O d2 16. Be5 Nxe5 17. Nxe5 Qb5 18. f4 Qxb2 19. Rf2 Qxa1 20. Qxa1 d1=Q+ 21.
Rf1 Qxa1 22. Rxa1 Be4 23. Bh3 Rd2 24. Nc4 Rd5 25. g4 Rfd8 26. Kf2 b5 27. Ne5 Rd2+
28. Kg1 Rd1+ 29. Rxd1 Rxd1+ 30. Kf2 Rd2+ 31. Kg1 Ra2 32. g5 Nd5 33. Ng4 Rxa3 34.
Bf1 b4 35. Nf2 Bc2 36. e4 Ne3 37. Be2 Ra1+ 38. Nd1 Bxd1 39. Bxd1 Rxd1+ 40. Kf2
b3 41. Kxe3 b2 42. h4 b1=Q 43. h5 Rd3+ 44. Kf2 Qc2+ 45. Kf1 Rd1+ 0-1

[Event "Ogolnopolska Olimpiada Mlodziezy w Sportach Umyslowych - D14"]
[Site "Walbrzych, Zamek Ksiaz"]
[Date "2013-04-17"]
[Round "2.2"]
[White "Marczuk, Anna"]
[Black "Kwiatkowska, Agnieszka"]
[Result "1-0"]
[WhiteTitle "I+"]
[BlackTitle "II+"]
[WhiteElo "1749"]
[BlackElo "1492"]

1. e4 d5 2. exd5 Qxd5 3. Nf3 Nf6 4. d4 Bf5 5. c4 Qa5+ 6. Nc3 e6 7. Be2 Nbd7 8.
O-O c6 9. a3 Bd6 10. Be3 O-O 11. Qd2 Ng4 12. Rfd1 Qc7 13. h3 Nxe3 14. fxe3 Nf6
15. Bd3 Bxd3 16. Qxd3 Rad8 17. Qc2 Rd7 18. e4 e5 19. c5 Be7 20. Nxe5 Rdd8 21.
Nf3 Rd7 22. b4 Qg3 23. Qf2 Qxf2+ 24. Kxf2 Rfd8 25. Rd3 Nh5 26. g3 g6 27. Rad1
Nf6 28. d5 cxd5 29. exd5 Ne8 30. Ne5 Rc7 31. d6 Bxd6 32. cxd6 Nxd6 33. Rxd6 Rxd6
34. Rxd6 Rxc3 35. Rd3 Rxd3 36. Nxd3 Kf8 37. Ke3 Ke7 38. Kd4 Kd6 39. Nc5 b6 40.
Ne4+ Ke7 41. Ke5 h6 42. g4 a6 43. a4 a5 44. b5 h5 45. gxh5 gxh5 46. Nf6 h4 47.
Nd5+ 1-0

[Event "Ogolnopolska Olimpiada Mlodziezy w Sportach Umyslowych - D14"]
[Site "Walbrzych, Zamek Ksiaz"]
[Date "2013-04-17"]
[Round "2.3"]
[White "Karykowska, Anna"]
[Black "Antolak, Julia"]
[Result "0-1"]
[WhiteTitle "I"]
[BlackTitle "I+"]
[WhiteElo "1493"]
[BlackElo "1747"]

1. e4 c5 2. Nf3 a6 3. c4 Nc6 4. Nc3 e5 5. d3 d6 6. Be2 h6 7. O-O Nge7 8. Ne1 g5
9. Bg4 Bg7 10. Nc2 O-O 11. Bxc8 Rxc8 12. h4 f6 13. Qg4 Ng6 14. hxg5 fxg5 15. Nd5
Nf4 16. Nxf4 exf4 17. Rb1 Ne5 18. Qd1 f3 19. Ne3 fxg2 20. Kxg2 Rf3 21. Rh1 Qd7
22. Nf5 Rf8 23. Be3 R8xf5 24. exf5 Qxf5 25. b4 g4 26. bxc5 g3 27. fxg3 Rxe3 28.
cxd6 Rxd3 29. Qe2 Qg5 30. Qe1 Rd2+ 31. Kf1 Qf5+ 32. Kg1 Nf3+ 33. Kf1 Nxe1+ 34.
Kxe1 Qf2+ 0-1